000 00404 a2200157 4500
005 20250623114935.0
020 _a0-19-926995-5
082 _aLM 342.42 WAD
100 _aWADE, W.
245 _aAdministrative Law
250 _a9th Ed.
260 _aNew York,
_bOxford University Press,
_c2010.
300 _ali, 855p.:Ill.; photo.
_bIndex,
_c24cm.
700 _aWADE, W. & FORSYTH, C.
942 _2ddc
_cBKS
999 _c3456
_d3456